|
|
|
|
| LEADER |
01256nam a2200277 a 4500 |
| 001 |
4018581 |
| 008 |
090713s1998 nhu b 001 0 eng d |
| 010 |
|
|
|a \\\97044600
|
| 020 |
|
|
|a 0874518385 (alk. paper)
|
| 020 |
|
|
|a 0874519071
|
| 040 |
|
|
|a DLC
|c DLC
|d DLC
|
| 082 |
0 |
0 |
|a 811/.3099287/09034
|2 21
|
| 100 |
1 |
|
|a Petrino, Elizabeth A.,
|d 1962-
|
| 245 |
0 |
0 |
|a Emily Dickinson and her contemporaries :
|b women's verse in America, 1820-1885 /
|c Elizabeth A. Petrino.
|
| 260 |
|
|
|a Hanover, NH :
|b University Press of New England,
|c c1998.
|
| 300 |
|
|
|a xi, 240 p. ;
|c 24 cm.
|
| 504 |
|
|
|a Includes bibliographical references (p. 211-232) and index.
|
| 541 |
1 |
|
|e 00015105
|
| 600 |
1 |
0 |
|a Dickinson, Emily,
|d 1830-1886
|x Criticism and interpretation.
|
| 600 |
1 |
0 |
|a Dickinson, Emily,
|d 1830-1886
|x Contemporaries.
|
| 650 |
|
0 |
|a Women and literature
|z United States
|x History
|y 19th century.
|
| 650 |
|
0 |
|a American poetry
|x Women authors
|x History and criticism.
|
| 650 |
|
0 |
|a American poetry
|y 19th century
|x History and criticism.
|
| 852 |
4 |
|
|a Ayesha Abed Library
|j General shelf
|
| 999 |
|
|
|c 9062
|d 9062
|
| 952 |
|
|
|0 0
|1 0
|2 ddc
|4 0
|6 811_309928709000000_PET_1998
|7 0
|9 11221
|a BRACUL
|b BRACUL
|c GEN
|d 2010-06-23
|l 5
|m 23
|o 811.3099287090 PET
|p 3010015105
|r 2025-09-02
|s 2025-07-31
|t 1
|w 2010-06-23
|y BK
|